Construction accounting and financial management (Record no. 2931)

MARC details
000 -LEADER
fixed length control field 00974nam a2200157 4500
020 ## - INTERNATIONAL STANDARD BOOK NUMBER
ISBN 007135963
050 ## - CALL NUMBER
Classification number HF 5686
Item number .B7C6
100 ## - AUTHOR
Personal name William J. Palmer
110 ## - AUTHOR
CORPORATE AUTHOR William E. coombs, Mark A. Smith
245 ## - TITLE
Title Construction accounting and financial management
250 ## - EDITION
Edition statement 5th edition
260 ## - PUBLICATION INFORMATION
Place of publication United state of America
Name of publisher McGraw Hill
Year of publication 1995
300 ## - DESCRIPTION
Number of Pages vi, 610 pg
505 ## - FORMATTED CONTENTS NOTE
Table of Content Operating patterns and industry Economics<br/>Procurement and subcontracting<br/>Accounting for labour<br/>Accounting for materials and supplies<br/>Accounting for equipment costs<br/>Accounting for overhead and distributable costs<br/>Accounting for contract revenue and cash receipts<br/>Factors affecting job financial results<br/>General and subsidiary ledgers<br/>Financial and cost reporting<br/>Internal auditing<br/>automated systems for construction contractors<br/>Tax considerations in construction management<br/>Special problems for the construction accountant<br/>Contract claims and litigation
942 ## - ADDED ENTRY ELEMENTS (KOHA)
Koha item type Books
Holdings
Withdrawn status Lost status Collection code Home library Current library Shelving location Date acquired Full call number Accession Number Koha item type
    Reference Methodist University Library Main Methodist University Library Main General Stacks 01/03/2008 HF 5686 .B7C6 29529 Books
Copyright © 2026  MUG Library